Merriam-Webster's dictionary of law (Бичлэгийн дугаар. 146067)
| 000 -УДИРДЛАГА | |
|---|---|
| Удирдлага | 00902nam a22003257a 4500 |
| 003 - ХЯНАЛТЫН ТОО ТОДОРХОЙЛОГЧ | |
| Код | MN-UlNUM |
| 005 - БИЧИЛТ ХИЙСЭН ОГНОО | |
| Тухайн бичилтийг бичсэн засварласан сүүлийн огноо | 20260103170527.0 |
| 008 - ЕРӨНХИЙ МЭДЭЭЛЭЛ | |
| Ерөнхий мэдээлэл | 160926s1996 mauab d 000 0 eng |
| 020 ## - ISBN | |
| ISBN | 0877796041 |
| -- | 9780877796046 |
| 040 ## - БИЧЛЭГ ҮҮСГЭГЧ БАЙГУУЛЛАГА | |
| Бичлэг үүсгэгч номын сангийн код | МУИС-ийн номын сан |
| 084 ## - ББК АНГИЛАЛ | |
| Нэмэлт тусгалт | Нэвтэрхий толь бичиг |
| ББК ангилал | 67+81.2Eng-4 |
| Зохиогчийн гурван тэмдэгт | M 59 |
| Мэдлэгийн ялгаа | 81 - Хэл шинжлэл |
| 110 2# - ЭРХЛЭН ГАРГАСАН /БАЙГУУЛЛАГА/ | |
| Эрхлэн гаргасан байгууллага | Merriam-Webster, Inc. |
| 245 00 - ҮНДСЭН ГАРЧИГ | |
| Номын нэр | Merriam-Webster's dictionary of law |
| 246 30 - ЗЭРЭГЦЭЭ ГАРЧИГ | |
| Зэрэгцээ гарчиг | Dictionary of law |
| 260 ## - ГАРАЛТЫН МЭДЭЭ | |
| Хэвлэгдсэн газар | Springfield, Mass. |
| Хэвлэлийн газар | Merriam-Webster |
| Хэвлэгдсэн он | 1996 |
| 300 ## - МАТЕРИАЛЫН ТОДОРХОЙЛОЛТ | |
| хуудасны тоо | xx, 634 p. |
| Бусад тоон мэдээлэл | ill., map |
| Хэмжээ | 22 cm |
| 500 ## - Тайлбар | |
| Дансны дугаар | БС 6010-6011 |
| 546 ## - ХЭЛНИЙ ТУХАЙ МЭДЭЭ | |
| Хэл | Англи хэл дээр, |
| 653 ## - Түлхүүр үг | |
| Түлхүүр үг | law |
| 653 ## - Түлхүүр үг | |
| Түлхүүр үг | dictionary |
| 653 ## - Түлхүүр үг | |
| Түлхүүр үг | United States |
| 740 ## - НОМЫН ГАРЧИГ | |
| Гарчиг | A dictionary of law |
| 740 ## - НОМЫН ГАРЧИГ | |
| Гарчиг | The judicial system |
| 740 ## - НОМЫН ГАРЧИГ | |
| Гарчиг | Important cases |
| 740 ## - НОМЫН ГАРЧИГ | |
| Гарчиг | Important laws |
| 740 ## - НОМЫН ГАРЧИГ | |
| Гарчиг | Important agencies |
| 740 ## - НОМЫН ГАРЧИГ | |
| Гарчиг | Constitution of the United States |
| 942 ## - ЭЛЕМЕНТИЙН ТӨРӨЛ | |
| Зүйлийн төрөл | Ном |
